Pokémon - Les villes de Johto - Statistiques

Statistiques générales
  • Ce quiz a été pris 111 fois
  • Le résultat moyen est 8 sur 10
Statistiques - réponses
Noms des villes % Correct
Doublonville
89%
Mauville
84%
Rosalia
84%
Bourg Geon
81%
Oliville
78%
Écorcia
70%
Irisia
70%
Acajou
66%
Ébènelle
65%
Ville Griotte
64%
Aucun quiz correspondant
Distribution des résultats
% des personnes avec chaque résultat
Percentile par nombre de réponses
Votre historique - résultats
Vous n’avez pas pris ce quiz